Statistics for Top 20 Most Military Troops in The World

Click here to take the quiz!

General Stats

  • This quiz has been taken 11 times
  • The average score is 16 of 20

Answer Stats

HintAnswer% Correct
366,500Brazil
100%
2,185,000China
100%
1,455,550India
100%
247,150Japan
100%
1,320,000Russia
100%
599,000South Korea
100%
355,200Turkey
100%
395,500Indonesia
91%
610,000Iran
91%
654,000Pakistan
91%
1,328,000USA
91%
438,500Egypt
82%
1,280,000North Korea
82%
227,000Saudi Arabia
82%
482,000Vietnam
82%
360,850Thailand
73%
406,000Myanmar
64%
293,200Colombia
55%
250,000Afghanistan
36%
255,000Sri Lanka
18%

Score Distribution

Percentile by Number Answered

Percent of People with Each Score

Your Score History

You have not taken this quiz